100 Biggest Cities in Spain on a Map - Statistics

General Stats
  • This quiz has been taken 43,728 times
  • The average score is 33 of 100
Answers on the Map
Answers color-coded by a green-red scale on the quiz's map according to % correct below.
 
Answer Stats
Pop City % Correct
1,62 m Barcelona
99%
3,22 m Madrid
99%
791 k Valencia
91%
688 k Seville
90%
345 k Bilbao
84%
571 k Málaga
80%
409 k Palma de Mallorca
75%
667 k Zaragoza
75%
232 k Granada
70%
447 k Murcia
63%
244 k A Coruña
62%
325 k Córdoba
61%
331 k Alicante
60%
378 k Las Palmas
60%
116 k Cádiz
58%
293 k Vigo
58%
186 k Donostia
57%
199 k Pamplona
57%
298 k Valladolid
56%
84.2 k Toledo
55%
100 k Girona
53%
87.7 k San Sebastián de los Reyes
53%
85.1 k Ceuta
52%
172 k Santander
51%
96.4 k Santiago de Compostela
50%
124 k León
48%
271 k Gijón
47%
86.4 k Melilla
46%
220 k Oviedo
46%
143 k Salamanca
44%
196 k Almería
42%
132 k Tarragona
42%
180 k Getafe
41%
230 k Elche
38%
144 k Huelva
38%
204 k Santa Cruz
38%
150 k Badajoz
37%
175 k Burgos
37%
141 k Marbella
37%
249 k Vitoria-Gasteiz
37%
212 k Jerez de la Frontera
36%
213 k Cartagena
35%
173 k Albacete
33%
261 k L'Hospitalet de Llobregat
33%
113 k Jaén
32%
98.0 k Lugo
31%
137 k Lleida
30%
217 k Badalona
29%
170 k Castellón de la Plana
29%
151 k Logroño
28%
96.1 k Cáceres
27%
84.9 k Guadalajara
27%
105 k Ourense
27%
82.8 k Pontevedra
25%
121 k Algeciras
24%
188 k Leganés
24%
211 k Sabadell
23%
78.6 k Palencia
22%
103 k Reus
22%
218 k Terrassa
22%
75.2 k Alcalá de Guadaíra
20%
193 k Alcalá de Henares
20%
169 k Alcorcón
19%
133 k Dos Hermanas
19%
207 k Móstoles
19%
78.7 k Avilés
17%
193 k Fuenlabrada
17%
126 k Mataró
17%
100 k Barakaldo
15%
75.3 k Fuengirola
15%
116 k Alcobendas
14%
78.2 k Getxo
14%
93.1 k Lorca
14%
82.5 k Torrevieja
14%
76.2 k Manresa
13%
128 k Parla
13%
95.2 k San Fernando
13%
83.0 k Talavera de la Reina
13%
129 k Torrejón de Ardoz
13%
155 k La Laguna
12%
95.5 k Las Rozas de Madrid
12%
87.1 k Cornellà de Llobregat
11%
84.7 k El Ejido
11%
94.9 k Roquetas de Mar
11%
88.3 k El Puerto de Santa María
10%
76.7 k Orihuela
10%
76.3 k Rubí
10%
118 k Santa Coloma de Gramenet
10%
102 k Telde
10%
81.2 k Torrent
10%
80.8 k Vélez-Málaga
10%
83.8 k Chiclana de la Frontera
9%
86.2 k Pozuelo de Alarcón
9%
90.7 k Sant Cugat del Vallès
9%
81.8 k Coslada
8%
80.6 k Mijas
8%
85.9 k Rivas-Vaciamadrid
8%
82.9 k Sant Boi de Llobregat
8%
74.7 k Valdemoro
8%
79.4 k Arona
7%
No matching quizzes found
Score Distribution
Percent of People with Each Score
Percentile by Number Answered
Your Score History
You have not taken this quiz